[Event "London Classic op 7th"]
[Site "London"]
[Date "2015.12.08"]
[Round "6"]
[White "Myers, Dominique"]
[Black "Miu, Marinel"]
[Result "1-0"]
[WhiteElo "2132"]
[BlackElo "1820"]
[PlyCount "93"]
[EventDate "2015.12.04"]
[EventType "swiss"]
[EventRounds "9"]
[EventCountry "ENG"]
[SourceTitle "CBM 169 Extra"]
[Source "ChessBase"]
[SourceDate "2015.12.18"]
[SourceVersion "1"]
[SourceVersionDate "2015.12.18"]
[SourceQuality "1"]

1. e4 e6 2. Nc3 Be7 3. d4 d6 4. Be3 Bf6 5. Qd2 Nd7 6. f4 a6 7. 0-0-0 b5 8. g4 Bb7 9. g5 Be7 10. Bd3 c5 11. a3 Qc7 12. Nf3 0-0-0 13. Qf2 b4 14. axb4 cxb4 15. Na4 Qa5 16. b3 d5 17. e5 Nb6 18. Nxb6+ Qxb6 19. Kb2 Kd7 20. f5 g6 21. f6 Bf8 22. h4 h5 23. Ra1 Ra8 24. Ra2 a5 25. Rha1 Bc6 26. Qe2 Kc7 27. Ne1 Kb8 28. Ng2 Nh6 29. gxh6 Bxh6 30. Qf2 Bxe3 31. Qxe3 Rc8 32. Ne1 Be8 33. Nf3 Qc7 34. Qd2 Kb7 35. Ng5 Qb6 36. Nf3 Rc3 37. Ng1 Rcc8 38. Ne2 Qc7 39. Rxa5 Qb6 40. Rxa8 Rxa8 41. Rxa8 Kxa8 42. Qh6 Bb5 43. Qf8+ Ka7 44. Bxb5 Qxb5 45. Qc5+ Ka6 46. Qxb5+ Kxb5 47. Nf4 1-0

[Event "London Classic op 7th"]
[Site "London"]
[Date "2015.12.05"]
[Round "3"]
[White "Miu, Marinel"]
[Black "Salimbeni, George PW"]
[Result "0-1"]
[WhiteElo "1820"]
[BlackElo "2107"]
[PlyCount "92"]
[EventDate "2015.12.04"]
[EventType "swiss"]
[EventRounds "9"]
[EventCountry "ENG"]
[SourceTitle "CBM 169 Extra"]
[Source "ChessBase"]
[SourceDate "2015.12.18"]
[SourceVersion "1"]
[SourceVersionDate "2015.12.18"]
[SourceQuality "1"]

1. e3 b6 2. Be2 Bb7 3. Bf3 c6 4. c4 Nf6 5. Ne2 e5 6. Ng3 d5 7. d3 g6 8. 0-0 Bg7 9. Qc2 0-0 10. e4 Re8 11. Bg5 Nbd7 12. exd5 cxd5 13. cxd5 h6 14. Bxf6 Nxf6 15. Nc3 Qd7 16. Qb3 h5 17. Nge4 Nh7 18. d6 Rad8 19. Nb5 Kh8 20. Rac1 Rc8 21. Rc7 Rxc7 22. dxc7 Bd5 23. Nc5 bxc5 24. Bxd5 a6 25. Nc3 Kg8 26. Qb7 Rc8 27. Qxa6 Nf6 28. Bc4 Rxc7 29. Qa4 Qd8 30. Qa5 Qb8 31. Nb5 Re7 32. f3 h4 33. Qa6 Rb7 34. Qc6 Rb6 35. Qxc5 Bf8 36. Qc7 Qxc7 37. Nxc7 Rxb2 38. Na6 Nh5 39. Re1 Nf4 40. Rxe5 Rxg2+ 41. Kf1 Rxh2 42. Rg5 h3 43. Rg4 Bd6 44. Kg1 Ne2+ 45. Kf1 Ng3+ 46. Kg1 Rg2# 0-1

[Event "London Golders Green op U1900 4th"]
[Site "London"]
[Date "2014.08.23"]
[Round "2"]
[White "Miu, Marinel"]
[Black "Gergelova, Monika"]
[Result "1-0"]
[WhiteElo "1760"]
[BlackElo "1275"]
[PlyCount "59"]
[EventDate "2014.08.23"]
[EventType "swiss"]
[EventRounds "6"]
[EventCountry "ENG"]
[SourceTitle "EXT 2018"]
[Source "ChessBase"]
[SourceDate "2017.10.13"]
[SourceVersion "1"]
[SourceVersionDate "2017.10.13"]
[SourceQuality "1"]

1. c4 e6 2. Nf3 Nf6 3. g3 d5 4. Bg2 c6 5. 0-0 dxc4 6. Qc2 b5 7. a4 a6 8. axb5 cxb5 9. Ne5 Ra7 10. Nc3 Qc7 11. d4 cxd3 12. Nxd3 Bd6 13. Be3 Rb7 14. Bxb7 Bxb7 15. Rfc1 Qc6 16. f3 Ng4 17. Ba7 0-0 18. Ne4 Qd5 19. Nxd6 Qxd6 20. Qc7 Qd7 21. Qxd7 Nxd7 22. fxg4 Ra8 23. Rc7 Bc8 24. Rac1 Nf8 25. Be3 Bd7 26. Bc5 e5 27. Bxf8 Kxf8 28. Rxd7 Re8 29. Rcc7 Re7 30. Rxe7 1-0

[Event "London Classic op 5th"]
[Site "London"]
[Date "2013.12.13"]
[Round "7"]
[White "Miu, Marinel"]
[Black "McCarthy, Damian"]
[Result "0-1"]
[WhiteElo "1683"]
[BlackElo "1905"]
[PlyCount "86"]
[EventDate "2013.12.07"]
[EventType "swiss"]
[EventRounds "9"]
[EventCountry "ENG"]
[SourceTitle "CBM 157 Extra"]
[Source "ChessBase"]
[SourceDate "2013.12.19"]
[SourceVersion "1"]
[SourceVersionDate "2013.12.19"]
[SourceQuality "1"]

1. c4 c5 2. Nc3 g6 3. g3 Bg7 4. Bg2 Nc6 5. Nf3 d6 6. 0-0 e5 7. d3 Nge7 8. Rb1 Rb8 9. a3 a6 10. b4 cxb4 11. axb4 b5 12. cxb5 axb5 13. Bd2 0-0 14. Qc1 f6 15. h4 Be6 16. Bh6 Qd7 17. Bxg7 Kxg7 18. Ne4 Rfc8 19. Qb2 h6 20. d4 Bf5 21. dxe5 fxe5 22. Ned2 Bxb1 23. Rxb1 Qg4 24. e3 Rc7 25. Kh2 Qf5 26. Bh3 Qd3 27. Bf1 Qf5 28. Qb3 Nd8 29. Bd3 Qe6 30. Qb2 Nf7 31. Ra1 Nc6 32. Ra5 Nxa5 33. bxa5 b4 34. a6 Rc3 35. Bf1 Ra3 36. Nc4 Rxa6 37. Ncxe5 Ra2 38. Qc1 Rxf2+ 39. Kg1 Rxf1+ 40. Kxf1 dxe5 41. Qc7 Rc8 42. Qb7 Rc1+ 43. Ke2 Qc4+ 0-1

[Event "Hampstead op U2200 10"]
[Site "Hampstead"]
[Date "2013.10.26"]
[Round "2"]
[White "Ilett, Raymond"]
[Black "Miu, Marinel"]
[Result "1-0"]
[WhiteElo "1884"]
[BlackElo "1706"]
[PlyCount "93"]
[EventDate "2013.10.26"]
[EventType "swiss"]
[EventRounds "5"]
[EventCountry "ENG"]
[SourceTitle "EXT 2015"]
[Source "ChessBase"]
[SourceDate "2014.11.20"]
[SourceVersion "1"]
[SourceVersionDate "2014.11.20"]
[SourceQuality "1"]

1. d4 d5 2. c4 e6 3. Nf3 c6 4. e3 Bd6 5. Nc3 f5 6. Bd3 Nf6 7. 0-0 0-0 8. Qb3 Kh8 9. Bd2 Ne4 10. Ne2 g5 11. Bb4 g4 12. Bxe4 fxe4 13. Ne5 Bxe5 14. Bxf8 Bxh2+ 15. Kxh2 Qxf8 16. Nf4 Nd7 17. g3 Nb6 18. c5 Nd7 19. Qc3 Qf6 20. Kg2 e5 21. dxe5 Qxe5 22. Qxe5+ Nxe5 23. Rh1 Bf5 24. Rh5 Rf8 25. Rah1 Nf3 26. Rh6 Kg8 27. a3 Nd2 28. Ne6 Bxe6 29. Rxe6 Rf7 30. Re8+ Kg7 31. Rh4 h5 32. Rxh5 Nf3 33. Reh8 Ne1+ 34. Kf1 Nd3 35. R8h7+ Kf8 36. Rxf7+ Kxf7 37. Rh7+ Kf6 38. b4 b6 39. Rh6+ Ke5 40. cxb6 axb6 41. Rxc6 b5 42. Rb6 Nb2 43. Rxb5 Nc4 44. a4 Kd6 45. Ke2 Kc6 46. Rc5+ Kd6 47. Rxc4 1-0

[Event "Hampstead op U2200 07"]
[Site "Hampstead"]
[Date "2013.07.21"]
[Round "4"]
[White "Winter, Malcolm J"]
[Black "Miu, Marinel"]
[Result "0-1"]
[WhiteElo "1553"]
[BlackElo "1700"]
[PlyCount "136"]
[EventDate "2013.07.20"]
[EventType "swiss"]
[EventRounds "5"]
[EventCountry "ENG"]
[SourceTitle "EXT 2023"]
[Source "ChessBase"]
[SourceDate "2022.10.05"]
[SourceVersion "1"]
[SourceVersionDate "2022.10.05"]
[SourceQuality "1"]

1. d4 d5 2. Nf3 e6 3. c4 c6 4. Nc3 f5 5. Bf4 Bd6 6. e3 Nf6 7. Bd3 0-0 8. 0-0 Ne4 9. Qc2 Qe7 10. c5 Bc7 11. b4 h6 12. Ne5 Rf6 13. h3 g5 14. Bh2 Nd7 15. b5 Nexc5 16. bxc6 bxc6 17. Nxc6 Bxh2+ 18. Kxh2 Qd6+ 19. Ne5 Nxd3 20. Qxd3 Nxe5 21. dxe5 Qxe5+ 22. f4 Qd6 23. Qd4 Rf8 24. Rab1 Ba6 25. Nb5 Bxb5 26. Rxb5 Qa6 27. Rfb1 Rf7 28. a4 Qd6 29. Rb7 Raf8 30. g3 Qa6 31. R7b5 Rg7 32. a5 Kh7 33. Qb4 Rfg8 34. Rb3 gxf4 35. exf4 Qc6 36. Rc3 Qd7 37. a6 Qe7 38. Qxe7 Rxe7 39. Rb7 Rxb7 40. axb7 Rb8 41. Rc7+ Kg6 42. Kg2 a5 43. Kf3 a4 44. Rc6 Kf6 45. Ra6 Rxb7 46. Rxa4 Rb3+ 47. Kf2 Rb2+ 48. Ke3 Rh2 49. h4 Rh1 50. Ke2 Rg1 51. Kf3 Rc1 52. Ke2 Rc3 53. Kf2 Rc6 54. Ke3 Rb6 55. Rd4 Kg6 56. Ra4 Kh5 57. Ra8 Rb4 58. Ra6 Re4+ 59. Kf3 Kg6 60. g4 fxg4+ 61. Kxg4 h5+ 62. Kf3 Kf5 63. Ra8 Rxf4+ 64. Kg3 Rg4+ 65. Kh3 Re4 66. Rf8+ Kg6 67. Rg8+ Kh7 68. Rg5 Re3+ 0-1

[Event "Hampstead op U2200 07"]
[Site "Hampstead"]
[Date "2013.07.20"]
[Round "3"]
[White "Miu, Marinel"]
[Black "Millward, David J"]
[Result "1/2-1/2"]
[WhiteElo "1700"]
[BlackElo "1998"]
[PlyCount "105"]
[EventDate "2013.07.20"]
[EventType "swiss"]
[EventRounds "5"]
[EventCountry "ENG"]
[SourceTitle "EXT 2023"]
[Source "ChessBase"]
[SourceDate "2022.10.05"]
[SourceVersion "1"]
[SourceVersionDate "2022.10.05"]
[SourceQuality "1"]

1. d4 g6 2. e4 d6 3. c4 Bg7 4. Nc3 Nf6 5. Be2 0-0 6. Be3 Nbd7 7. g4 e5 8. g5 Ne8 9. Nf3 f5 10. gxf6 Nexf6 11. Qb3 Qe7 12. c5+ Kh8 13. cxd6 cxd6 14. Ng5 exd4 15. Bxd4 Nc5 16. Qc4 Ne6 17. Nd5 Nxd5 18. Bxg7+ Qxg7 19. Qxd5 Nxg5 20. Qxg5 Qxb2 21. Rd1 Qb4+ 22. Qd2 Qxe4 23. Qd4+ Qxd4 24. Rxd4 Bf5 25. Rxd6 Rfe8 26. f3 Rac8 27. Rd2 Rc1+ 28. Rd1 Rc2 29. Rd2 Rec8 30. Bd1 Rxd2 31. Kxd2 Kg7 32. Bb3 Kf6 33. Ke3 Rc3+ 34. Kf2 Be6 35. Bxe6 Rc2+ 36. Kg3 Kxe6 37. Rb1 b6 38. a4 Ra2 39. Rb4 h5 40. h4 Ra1 41. Kf4 Kf6 42. Rc4 Rh1 43. Rc6+ Ke7 44. Rc7+ Kd6 45. Rxa7 Rxh4+ 46. Kg5 Rh3 47. Kxg6 Rxf3 48. a5 bxa5 49. Rxa5 h4 50. Rh5 h3 51. Kg5 Ke5 52. Kg4+ Ke4 53. Re5+ 1/2-1/2

[Event "Hampstead op U2200 05"]
[Site "Hampstead"]
[Date "2013.05.19"]
[Round "4"]
[White "Norman, Nigel"]
[Black "Miu, Marinel"]
[Result "1-0"]
[WhiteElo "1763"]
[BlackElo "1696"]
[PlyCount "73"]
[EventDate "2013.05.18"]
[EventType "swiss"]
[EventRounds "5"]
[EventCountry "ENG"]
[SourceTitle "EXT 2014"]
[Source "ChessBase"]
[SourceDate "2013.11.20"]
[SourceVersion "1"]
[SourceVersionDate "2013.11.20"]
[SourceQuality "1"]

1. Nf3 c5 2. g3 Nc6 3. Bg2 g6 4. 0-0 Bg7 5. c4 Nf6 6. Nc3 0-0 7. a3 d6 8. d3 Bd7 9. Rb1 a5 10. Bd2 Ne8 11. Qc1 a4 12. Bh6 Na5 13. Bxg7 Kxg7 14. Nd2 Nc7 15. b4 axb3 16. Nxb3 Bc6 17. Nxa5 Bxg2 18. Kxg2 Rxa5 19. Qb2 Kg8 20. a4 Na6 21. Qxb7 Nb4 22. Qe4 Qd7 23. h4 f5 24. Qf4 e5 25. Qh6 d5 26. h5 Ra6 27. Rh1 Qc6 28. f3 d4 29. Nd5 Nxd5 30. cxd5 Qc7 31. a5 Rf7 32. Rb5 Raf6 33. Rhb1 e4 34. Rb8+ Rf8 35. R8b7 exf3+ 36. exf3 gxh5 37. Qxh5 1-0

[Event "Hampstead op U2200 04"]
[Site "Hampstead"]
[Date "2013.04.21"]
[Round "4"]
[White "Winter, Malcolm J"]
[Black "Miu, Marinel"]
[Result "0-1"]
[WhiteElo "1551"]
[BlackElo "1696"]
[PlyCount "90"]
[EventDate "2013.04.20"]
[EventType "swiss"]
[EventRounds "5"]
[EventCountry "ENG"]
[SourceTitle "EXT 2014"]
[Source "ChessBase"]
[SourceDate "2013.11.20"]
[SourceVersion "1"]
[SourceVersionDate "2013.11.20"]
[SourceQuality "1"]

1. d4 e6 2. Nf3 d5 3. c4 f5 4. cxd5 exd5 5. Nc3 c6 6. Bg5 Nf6 7. e3 Bd6 8. Bd3 h6 9. Bxf6 Qxf6 10. Qc2 0-0 11. 0-0 a5 12. a3 Nd7 13. Rfe1 g5 14. Qe2 Nb6 15. Rab1 Kg7 16. b4 axb4 17. axb4 g4 18. Nd2 Ra3 19. Rec1 f4 20. b5 Na4 21. Nxa4 Rxa4 22. bxc6 bxc6 23. Qd1 Ra3 24. Qe2 Ra2 25. Rc2 Rxc2 26. Bxc2 fxe3 27. fxe3 Qh4 28. g3 Bxg3 29. hxg3 Qxg3+ 30. Qg2 Qxe3+ 31. Kh1 Rf2 32. Rb7+ Kf6 33. Nf1 Qe1 34. Rb1 Qe2 35. Bd3 Rxg2 36. Bxe2 Rxe2 37. Rb6 Rc2 38. Ne3 Rc1+ 39. Kg2 Kg5 40. Kg3 h5 41. Rb8 h4+ 42. Kh2 Rc3 43. Rxc8 Rxe3 44. Rxc6 Re2+ 45. Kg1 Rd2 0-1

[Event "Hampstead op U2200 04"]
[Site "Hampstead"]
[Date "2013.04.20"]
[Round "1"]
[White "Miu, Marinel"]
[Black "Farrand, Tom"]
[Result "1/2-1/2"]
[WhiteElo "1696"]
[BlackElo "2181"]
[PlyCount "116"]
[EventDate "2013.04.20"]
[EventType "swiss"]
[EventRounds "5"]
[EventCountry "ENG"]
[SourceTitle "EXT 2014"]
[Source "ChessBase"]
[SourceDate "2013.11.20"]
[SourceVersion "1"]
[SourceVersionDate "2013.11.20"]
[SourceQuality "1"]

1. d4 f5 2. Nc3 d5 3. f4 e6 4. Nf3 b6 5. e3 Nf6 6. Be2 Ba6 7. 0-0 Be7 8. Ne5 Bxe2 9. Qxe2 0-0 10. Nd1 c5 11. Nf2 Bd6 12. Nf3 Nc6 13. c3 Qe7 14. Bd2 c4 15. b4 cxb3 16. axb3 Na5 17. Rfb1 Ne4 18. Nxe4 fxe4 19. Ne5 Rac8 20. c4 Bxe5 21. fxe5 Nc6 22. cxd5 exd5 23. Qb5 Qe6 24. Rc1 Ne7 25. Rxc8 Rxc8 26. Rxa7 Rf8 27. Rxe7 Qxe7 28. Bb4 Qe8 29. Qxd5+ Qf7 30. Qxf7+ Rxf7 31. e6 Rf5 32. Be7 h5 33. h3 Kh7 34. Bd8 Kg6 35. h4 Rb5 36. Bg5 Rxb3 37. g4 Rc3 38. gxh5+ Kf5 39. Bd8 Kxe6 40. Bxb6 Kd5 41. Kf2 Rc8 42. Bc5 Rc7 43. Bb6 Rf7+ 44. Ke2 Rb7 45. Bd8 Rb2+ 46. Kf1 Kc4 47. Bg5 Kd5 48. h6 gxh6 49. Bxh6 Ke6 50. Bg5 Kf5 51. Ke1 Kg4 52. d5 Rb1+ 53. Kd2 Rb5 54. Ke2 Rxd5 55. Be7 Ra5 56. Kd2 Kf3 57. Bg5 Rd5+ 58. Ke1 Rd7 1/2-1/2

[Event "London Classic op"]
[Site "London"]
[Date "2011.12.07"]
[Round "5"]
[White "Andersen, Niels Erik"]
[Black "Miu, Marinel"]
[Result "0-1"]
[WhiteElo "2018"]
[BlackElo "1609"]
[PlyCount "88"]
[EventDate "2011.12.03"]
[EventType "swiss"]
[EventRounds "9"]
[EventCountry "ENG"]
[SourceTitle "CBM 145 Extra"]
[Source "ChessBase"]
[SourceDate "2012.01.03"]
[SourceVersion "1"]
[SourceVersionDate "2012.01.03"]
[SourceQuality "1"]

1. d4 d5 2. c4 e6 3. Nc3 Nf6 4. cxd5 exd5 5. Bg5 Nbd7 6. e3 Be7 7. Bd3 c6 8. Nf3 0-0 9. Qc2 h6 10. h4 Re8 11. Bf4 Bb4 12. 0-0 Nf8 13. a3 Bd6 14. Ne5 Nh5 15. g3 g5 16. hxg5 hxg5 17. Kg2 gxf4 18. Rh1 Bxe5 19. Rxh5 f3+ 20. Kxf3 Bg7 21. Rah1 Qf6+ 22. Kg2 Bg4 23. Kg1 Bxh5 24. Rxh5 Ne6 25. Ne2 Ng5 26. Nf4 Ne4 27. g4 Bh6 28. Nh3 Qe6 29. Qe2 Qd6 30. Qf3 Re6 31. g5 Bg7 32. Nf4 Rg6 33. Nxg6 fxg6 34. Rh2 Rf8 35. Qg4 Qe7 36. Rg2 Rf5 37. f4 c5 38. dxc5 Qxc5 39. Qh3 Qc6 40. Rc2 Qd7 41. Qf1 Rf8 42. Qc1 Qg4+ 43. Rg2 Qh3 44. Qc5 Nxc5 0-1

[Event "London Classic op"]
[Site "London"]
[Date "2011.12.04"]
[Round "2"]
[White "Miu, Marinel"]
[Black "Smith, Andrew Philip"]
[Result "0-1"]
[WhiteElo "1609"]
[BlackElo "2167"]
[PlyCount "118"]
[EventDate "2011.12.03"]
[EventType "swiss"]
[EventRounds "9"]
[EventCountry "ENG"]
[SourceTitle "CBM 145 Extra"]
[Source "ChessBase"]
[SourceDate "2012.01.03"]
[SourceVersion "1"]
[SourceVersionDate "2012.01.03"]
[SourceQuality "1"]

1. e3 g6 2. c4 c5 3. Nf3 Bg7 4. d4 cxd4 5. exd4 Nf6 6. Bd3 0-0 7. 0-0 d5 8. Qb3 dxc4 9. Bxc4 Nc6 10. Qa4 Nd5 11. Bxd5 Qxd5 12. Nc3 Qh5 13. Ne2 Bg4 14. Ng3 Qd5 15. Ne5 Nxe5 16. dxe5 Bd7 17. Qb4 Bc6 18. f3 Qxe5 19. Re1 Qd4+ 20. Qxd4 Bxd4+ 21. Kh1 e6 22. Rb1 Rad8 23. Ne2 Bf2 24. Rf1 Bh4 25. Nc3 Rd3 26. Bf4 Rfd8 27. Rbd1 Bf6 28. Rxd3 Rxd3 29. Rd1 Rxd1+ 30. Nxd1 Bd4 31. Be3 e5 32. Bxd4 exd4 33. Kg1 f5 34. f4 Bd5 35. a3 Kf7 36. Kf1 Ke6 37. Nf2 Kd6 38. Nd3 Bc4 39. Ke2 Kd5 40. Kd2 Ke4 41. Ne5 Bf1 42. g3 g5 43. Nf7 gxf4 44. Ng5+ Kd5 45. gxf4 h6 46. Nf7 h5 47. Ng5 h4 48. Ke1 Bg2 49. Kd2 Kc4 50. Ne6 Bd5 51. b3+ Kxb3 52. Nxd4+ Kxa3 53. Nb5+ Kb4 54. Nd6 Be4 55. Ke3 Kc5 56. Nxe4+ fxe4 57. Kxe4 Kd6 58. Kf5 Ke7 59. Kg6 Kf8 0-1

[Event "London Classic op"]
[Site "London"]
[Date "2011.12.03"]
[Round "1"]
[White "Whitehead, David J"]
[Black "Miu, Marinel"]
[Result "1/2-1/2"]
[WhiteElo "2079"]
[BlackElo "1609"]
[PlyCount "55"]
[EventDate "2011.12.03"]
[EventType "swiss"]
[EventRounds "9"]
[EventCountry "ENG"]
[SourceTitle "CBM 145 Extra"]
[Source "ChessBase"]
[SourceDate "2012.01.03"]
[SourceVersion "1"]
[SourceVersionDate "2012.01.03"]
[SourceQuality "1"]

1. e4 d6 2. d4 e5 3. dxe5 dxe5 4. Qxd8+ Kxd8 5. Bc4 Be6 6. Bxe6 fxe6 7. Be3 Nf6 8. f3 Bd6 9. Nc3 a6 10. 0-0-0 Ke7 11. Nge2 b5 12. Rhf1 c5 13. g3 Nc6 14. Kb1 Rac8 15. Bg5 h6 16. Bxf6+ gxf6 17. f4 Nd4 18. Nxd4 cxd4 19. Ne2 b4 20. fxe5 fxe5 21. Rf3 Rhf8 22. Rdf1 Rxf3 23. Rxf3 a5 24. Kc1 a4 25. Kd2 Rb8 26. Nc1 Rc8 27. Nd3 Ra8 28. Nc1 1/2-1/2

[Event "London Classic op"]
[Site "London"]
[Date "2010.12.15"]
[Round "9"]
[White "Miu, Marinel"]
[Black "Schmitz, Tim"]
[Result "1/2-1/2"]
[WhiteElo "1582"]
[BlackElo "1934"]
[PlyCount "115"]
[EventDate "2010.12.08"]
[EventType "swiss"]
[EventRounds "9"]
[EventCountry "ENG"]
[SourceTitle "CBM 139 Extra"]
[Source "ChessBase"]
[SourceDate "2011.01.05"]
[SourceVersion "1"]
[SourceVersionDate "2011.01.05"]
[SourceQuality "1"]

1. Nf3 d5 2. e3 Nf6 3. b3 Bf5 4. Bb2 e6 5. Be2 Bd6 6. 0-0 Nbd7 7. d4 h6 8. c4 c6 9. c5 Bc7 10. b4 Qb8 11. Qb3 e5 12. dxe5 Nxe5 13. Nbd2 0-0 14. Nd4 Bh7 15. f4 Ned7 16. Bd3 Bxd3 17. Qxd3 a5 18. a3 Re8 19. Rf3 axb4 20. axb4 Rxa1+ 21. Bxa1 Qa8 22. Qc3 Qa4 23. Nf5 Qd1+ 24. Nf1 Kh7 25. Rg3 Rg8 26. Bb2 g6 27. Nxh6 Kxh6 28. Rh3+ Nh5 29. Kf2 Bd8 30. Qd2 Qxd2+ 31. Nxd2 Bf6 32. Bc1 Bc3 33. g4 Bxb4 34. gxh5 gxh5 35. Nf1 Nxc5 36. Kf3 Nd3 37. Bd2 Bxd2 38. Nxd2 b5 39. Nf1 b4 40. Ng3 b3 41. Rxh5+ Kg7 42. Rg5+ Kf8 43. Rxg8+ Kxg8 44. Ne2 Nb4 45. Nc3 Na2 46. Na4 Nc1 47. Nc3 b2 48. Kf2 Na2 49. Nb1 Kg7 50. Ke2 Nb4 51. Kd2 c5 52. Kc3 Kf6 53. Kxb2 d4 54. exd4 cxd4 55. Kb3 Nc6 56. Kc4 Kf5 57. Kd5 Ne7+ 58. Kxd4 1/2-1/2